| 000 | nam a22 7a 4500 | ||
|---|---|---|---|
| 999 |
_c128260 _d128260 |
||
| 008 | 180925b xxu||||| |||| 00| 0 eng d | ||
| 020 | _a0829402756 | ||
| 050 | _aHV95.B53 | ||
| 100 |
_aBiestek, Felix Paul _d1912 _942552 |
||
| 245 |
_aClient self-determination in social work : _ba fifty-year history _c/ by Felix P. Biestek |
||
| 260 |
_aChicago: _bLoyola University Press, _cc1978 |
||
| 300 |
_a188p.; _c24cm. |
||
| 650 |
_aSocial service _xHistory _zUnited States _942553 |
||
| 650 |
_aWelfare receipts _xAttitudes _942554 |
||
| 700 |
_aGehrig, Clyde C. _d1935 _942555 |
||
| 942 |
_2lcc _cMONOGRAPH |
||